Statistiken für Quartiere von Luzern

Klicken Sie hier um das Quiz zu spielen!

Allgemein

  • Dieses Quiz wurde 32 mal gespielt
  • Das Durchschnittsergebnis liegt bei 10 aus 27

Antwortstatistiken

Antwort% Korrekt
1Altstadt / Wey
82%
18Neustadt / Voltastrasse
82%
25Unterlachen / Tribschen
82%
3Bahnhof / Werft
68%
16Maihof / Rotsee
68%
20Obergrund / Allmend
68%
19Ober- / Untergütsch
64%
4Basel- / Bernstrasse
59%
6Bramberg / St. Karli
50%
7Bruch / Gibraltar
45%
10Hochwacht / Zürichstrasse
45%
26Wesemlin / Dreilinden
45%
27Würzenbach / Schädrüti
41%
17Matt
36%
13Langensand / Matthof
32%
14Littau Dorf
32%
21Reussbühl
32%
5Bellerive / Schlössli
23%
23Sternmatt / Hochrüti
23%
12Kantonsspital / Ibach
18%
15Littauerberg
18%
9Hirschmatt / Kleinstadt
14%
2An der Emme
5%
8Halde / Lützelmatt
5%
11Oberseeburg / Rebstock
0%
22Ruopigen
0%
24Udelboden
0%

Verteilung der Resultate

Perzentil nach korrekt beantworteten Fragen

Anzahl Personen mit jedem Resultat

Ihre Resultats-Entwicklung

Sie haben dieses Quiz noch nicht gespielt